| 000 | 00423nam a2200145Ia 4500 | ||
|---|---|---|---|
| 005 | 20250522012552.0 | ||
| 008 | 240331s9999 xx 000 0 und d | ||
| 082 |
_bPEN _a302 |
||
| 100 | _aMuslim Women's Research | ||
| 245 | 0 | _aPenKalum thodarpoodahankalum | |
| 260 |
_aColombo _bMuslim Women's Research Action Front _c1991 |
||
| 300 | _ax, 111 p ., | ||
| 500 | _aTamilil Eluthum Pen Eluthalarkalukaana Karuthu | ||
| 942 | _cL | ||
| 999 |
_c1470 _d1470 |
||